logo

Bir Sreshtho Munshi Abdur Rouf Library
Jhenaidah Cadet College

Electronics / (Record no. 5358)

MARC details
000 -LEADER
fixed length control field 00553nam a22002177a 4500
001 - CONTROL NUMBER
JCCL Control Number 5358
003 - CONTROL NUMBER IDENTIFIER
JCCL marc code BD-JhCC
005 - DATE AND TIME OF LATEST TRANSACTION
control field 20171213133154.0
008 - FIXED-LENGTH DATA ELEMENTS--GENERAL INFORMATION
fixed length control field 171213s1967 ii ||||| |||| 00| 0 eng d
035 ## - SYSTEM CONTROL NUMBER
system control number (BD-JhCC)5358
040 ## - CATALOGING SOURCE
Original cataloging agency BD-JhCC
Modifying agency BD-JhCC
041 ## - LANGUAGE CODE
Language code of Book eng
082 ## - DEWEY DECIMAL CLASSIFICATION NUMBER
Classification number 621.381
Author mark and Year MIL 1967
100 ## - MAIN ENTRY--PERSONAL NAME
Personal name Mileat, Harry
245 ## - TITLE STATEMENT
Title Electronics /
Statement of responsibility, etc Mileat Harry
260 ## - PUBLICATION, DISTRIBUTION, ETC. (IMPRINT)
Place of publication, distribution, etc Bombay :
Name of publisher, distributor, etc D. B. Taraporevala sons & co. Pvt. Ltd.
Date of publication, distribution, etc 1976.
300 ## - PHYSICAL DESCRIPTION
Pagination 136 p. v-3 :
Other physical details ills;
Dimensions 21 cm.
650 ## - SUBJECT ADDED ENTRY--TOPICAL TERM
Topical term or geographic name as entry element electronic
942 ## - ADDED ENTRY ELEMENTS (KOHA)
Source of classification or shelving scheme Dewey Decimal Classification
Koha item type Books
Holdings
Source of classification or shelving scheme volume number Damaged status Not for loan Home library Current library Shelving location Cost, normal purchase price Total Checkouts Full call number Barcode Date last seen Copy number Koha item type
Dewey Decimal Classification V-3     JCC Rouf Library JCC Rouf Library General Stacks 9.95   621.381 MIL 1967 7498 12/13/2017 C - 1 Books

JCC Library | Contacts | JCC Home

Last Update on 23 September 2017
Copyright @ 2017-2020 JCC Rouf Library
Rouf Library, Jhenidah Cadet College (JCC), Bangladesh